| 000 | 00455nam a2200193Ia 4500 | ||
|---|---|---|---|
| 005 | 20240823040655.0 | ||
| 008 | 240823s9999||||xx |||||||||||||| ||und|| | ||
| 020 | _a978-81-317-2669-3 | ||
| 041 | _aENGLISH | ||
| 082 | _A128 Q0 | ||
| 100 | _aChattopadhyaya | ||
| 245 | 0 | _a"Love, Life and Death" | |
| 250 | _a1st | ||
| 260 |
_c2010 _b"Pearson ,Sing" |
||
| 500 | _aYES | ||
| 650 |
_a"Love, Life and Death" _bGeneral |
||
| 942 | _cBK | ||
| 999 |
_c203682 _d203682 |
||